| 000 | 00427nam a22001817a 4500 | ||
|---|---|---|---|
| 003 | MPLRDC | ||
| 005 | 20220104144035.0 | ||
| 008 | 210129b ||||| |||| 00| 0 eng d | ||
| 082 | _a857.7 XMY v.613 | ||
| 100 | _a羽昕 | ||
| 245 |
_a楚楚夫君 _c |
||
| 250 | _a初版 | ||
| 260 |
_a _b星河出版社 _c2001 |
||
| 300 | _b平 | ||
| 490 | _a寻梦园系列. 613 | ||
| 650 | _a长篇小说 | ||
| 942 |
_cBK _o857.7 XMY v.613 |
||
| 999 |
_c45811 _d45801 |
||